| 000 | 01452nam a2200337 c 4500 | ||
|---|---|---|---|
| 003 | BLK | ||
| 005 | 20180421000158.0 | ||
| 008 | 180411b bul|||||r ||||||| ||bul|| | ||
| 010 | _aKNG00191983000 | ||
| 040 | _aBLK | ||
| 041 |
_aBUL _cBUL |
||
| 080 |
_aСоциография. Социално положение. Условия на политическия и социалния живот. Социално и социално-икономическо положение на отделните страни, народи, раси. Социална география. (Общи въпроси) _b308 _x(910) _z308(910) |
||
| 080 |
_aПолитика. Вж и 341 ; 342 _b32 _x(910) _z32(910) |
||
| 100 | 1 |
_aДжерекаров, Васил _eпърви автор _9260692 |
|
| 139 |
_aДжерекаров, Васил _bД 51 |
||
| 245 | 1 | 0 |
_aИндонезия _bПолит.-геогр. очерк _cВасил Джерекаров. |
| 257 | _aBGR | ||
| 260 |
_аСофия _bНС ОФ _c1962 |
||
| 300 |
_a56 с. _bс ил. _c22 см |
||
| 380 | _a3 | ||
| 490 | 1 |
_aПоредица Пред новата карта на света _v9 |
|
| 500 | _a5100 тир. | ||
| 650 | 4 |
_aАзия - география _9276829 |
|
| 650 | 4 |
_aИндонезия _9178952 |
|
| 651 | 4 |
_aИндонезия _9178952 |
|
| 852 | _aЦб 24849 | ||
| 856 | 4 |
_qpdf _u |
|
| 856 | 4 |
_qpdf _u |
|
| 942 |
_cKNG _n0 |
||
| 944 |
_aCR _c07.10.2016 _kКети_Илиева |
||
| 944 |
_aED _c07.10.2016 _kКети_Илиева |
||
| 999 |
_c183057 _d183057 |
||